| 000 | 01718cam a22004697a 4500 | ||
|---|---|---|---|
| 001 | 000093623 | ||
| 003 | CHAP | ||
| 005 | 20220329142944.0 | ||
| 008 | 050415d2005 mx a r 00110 spa d | ||
| 010 | _a90089 | ||
| 011 | _a91061 | ||
| 035 | _a101619 | ||
| 040 | _cCHAP | ||
| 090 | _aTesis | ||
| 100 | 0 | 0 |
_aCastillo Hernández, José. _920148 |
| 245 | 1 | 0 |
_aCaracterización morfométrica y análisis de crecimiento en biotipos de sábila (Aloe spp.) / _c/por José Castillo Henández y Victor Manuel Gómez Díaz. |
| 260 |
_aChapingo, Méx. : _bEl autor, _c2005. |
||
| 300 | _a58 h. : ilus.; gráfs.; cuadros. | ||
| 502 | _aTesis (Ing. Agr. Esp. en Fitotecnia) -- UACH. Departamento de Fitotecnia | ||
| 590 |
_aALEPH _b10 _c20130110 _lUCH01 _h1505 |
||
| 590 |
_aBATCH-UPD _b10 _c20130110 _lUCH01 _h0613 |
||
| 590 |
_aBATCH-UPD _b10 _c20130410 _lUCH01 _h0255 |
||
| 590 |
_aBATCH-UPD _b10 _c20130914 _lUCH01 _h0244 |
||
| 590 |
_aBATCH-UPD _b10 _c20140324 _lUCH01 _h1450 |
||
| 590 |
_aBATCH-UPD _b10 _c20141002 _lUCH01 _h0826 |
||
| 590 |
_aBATCH _b00 _c20181121 _lUCH01 _h0759 |
||
| 590 |
_aCONVERSION _b10 _c20130109 _lUCH01 _h1350 |
||
| 590 |
_aE5765TAJ _b10 _c20130617 _lUCH01 _h1359 |
||
| 650 | 1 | 4 |
_aAloe vera. _94554 |
| 650 | 1 | 4 |
_aBotánica médica. _914680 |
| 650 | 1 | 4 |
_aBotánica _xClasificación. _914516 |
| 650 | 1 | 4 |
_aPlantas _xCrecimiento. _988803 |
| 700 | 0 |
_aGómez Díaz, Victor Manuel. _949680 |
|
| 856 |
_3Finding aid _uhttp://10.13.5.2/tesis/101619.pdf _zTeclea aquí |
||
| 856 |
_a1 _n0001413 |
||
| 901 | _aBK | ||
| 905 | _aElisama A. H. | ||
| 942 | _cCD | ||
| 942 | _n0 | ||
| 949 |
_aTesis _bBC _cTES _d101619 _eTS1 _h43657 _i101619 _sb |
||
| 949 |
_aTesis _bBC _cTES _d33724000928404 _eTS2 _fc.2 _h43658 _i101619 _sb |
||
| 999 |
_c90089 _d90089 |
||